000 00995nam a2200217Ii 4500
003 JO-AjNU
008 230605s9999||||xx |||||||||||||| ||und||
017 _a2006/1/90
040 _aJO-AjNU
_bara
_erda
_cJO-AjNU
041 _aara
050 1 4 _aDS49 2015
100 3 _aعبدالله، عبد الفتاح لطفي,
_eauthor
_960260
245 0 0 _aجغرافية الوطن العربي تحليل الابعاد الجغرافية لمشكلات الوطن العربي: الأمن المائي والامن الغذائي والتحدي الديموغرافي وظاهرة التحضر
250 _aط3
264 3 1 _aعمان: دار المسيرة للنشر،2015
300 _a304ص
_bيحتوي على خرائط ويحتوي عللى مصادر ومراجع من ص259-304ص
336 _atext
_btxt
_2rdacontent
337 _aunmediated
_bn
_2rdamedia
338 _avolume
_bnc
_2rdacarrier
650 4 _aالجغرافية الطبيعية - البلدان العربية
_960261
999 _aA27163
_c30731
_d30731